000 01023nam a2200325 a 4500
001 0000428
003 DO-SdBPM
005 20250812143033.0
007 ta
008 091125s1989 sp a 000 0 spa d
020 _a8432984280
040 _aDO-SdBPM
_bspa
_cBPMSU
_erda
082 4 _a745.5922
_bB328m 1989
_222
100 1 _a Batek, OSkar
_eautor
245 1 0 _aMarionetas de palo /
_clas ideas para la creación de este libro han sido aportadas por Oskar Batek
_b
260 _a
_b
_c
264 _aBarcelona :
_bEdiciones Ceac,
_c1989.
300 _a61 páginas :
_bilustraciones ;
_c24 cm.
_e
336 _atexto
_btxt
_2rdacontent
337 _asin mediación
_bn
_2rdamedia
338 _avolumen
_bnc
_2rdacarrier
490 0 _a Nuevas ideas
534 _pTítulo original.
_tEinfache scherenschnitte.
590 _aInventariado, 2025/VM
650 7 _aTíteres y teatro de títeres.
_x
650 7 _aMuñecos.
654 _v
910 _a VMateo V. Control de calidad. BPMSU
942 _2ddc
_cBK
999 _c15326
_d15326